NLSUI OPAC header image

Making farmers co-operatives work design, governanance and management (Record no. 13069)

MARC details
000 -LEADER
fixed length control field 00483nam a2200157Ia 4500
008 - FIXED-LENGTH DATA ELEMENTS--GENERAL INFORMATION
fixed length control field 160316s1995 xxu||||| |||| 00| 0 eng d
082 ## - DEWEY DECIMAL CLASSIFICATION NUMBER
Classification number 334.683000
Item number SHA
100 ## - MAIN ENTRY--PERSONAL NAME
Personal name Shah Tushaar
245 ## - TITLE STATEMENT
Title Making farmers co-operatives work design, governanance and management
250 ## - EDITION STATEMENT
Edition statement
260 ## - PUBLICATION, DISTRIBUTION, ETC.
Place of publication, distribution, etc. New Delhi
Name of publisher, distributor, etc. Sage Publications
Date of publication, distribution, etc. 1995
300 ## - PHYSICAL DESCRIPTION
Extent 275p
Other physical details 275p*
Dimensions
365 ## - TRADE PRICE
Price amount 225/-*
650 ## - SUBJECT ADDED ENTRY--TOPICAL TERM
Topical term or geographic name entry element 1.Co-operative Agriculture - India Agriculture - Co-operative - India
700 ## - ADDED ENTRY--PERSONAL NAME
Personal name
--
Holdings
Withdrawn status Lost status Damaged status Not for loan Home library Current library Shelving location Date acquired Cost, normal purchase price Total Checkouts Full call number Barcode Date last seen Price effective from Koha item type
        . . Library Compactors 30.05.2017 225.00   334.683 SHA 13423 30.05.2017 30.05.2017 BOOKs